000 00417cam a2200157ua 4500
041 _aeng
_h
082 _a828.09
_bBAY/SC
100 _aBayliss A E M , Bayliss J C .
245 _aSciance In Fiction /
_cBayliss J c Bayliss A E M.
_hTextual Documents
250 _a1 /
_b.
260 _aLendon :
_bUniversity of Lendon press Ltd ,
_c1963.
300 _a191 ; .
504 _a
942 _cBK
999 _c2782
_d2782